Loading...
| Fine Arts - Classical Music | 4 | 5.00 | 50% | 0% | 0% |
| Fine Arts - Other Fine Arts | 2 | 5.00 | 50% | 0% | 0% |
| Fine Arts - Visual Fine Arts | 3 | 3.33 | 33% | 0% | 0% |
| History - American History | 4 | 10.00 | 100% | 0% | 0% |
| History - European History | 2 | 20.00 | 100% | 100% | 0% |
| History - Other History | 3 | 10.00 | 100% | 0% | 0% |
| History - World History | 4 | 10.00 | 100% | 0% | 0% |
| Literature - American Literature | 2 | 5.00 | 50% | 0% | 0% |
| Literature - British Literature | 2 | 5.00 | 50% | 0% | 0% |
| Literature - European Literature | 3 | 13.33 | 100% | 33% | 0% |
| Literature - World/Other Literature | 3 | 10.00 | 67% | 33% | 0% |
| Mythology | 3 | 16.67 | 100% | 33% | 33% |
| Other Academic | 1 | 10.00 | 100% | 0% | 0% |
| Philosophy | 2 | 5.00 | 50% | 0% | 0% |
| Religion | 3 | 3.33 | 33% | 0% | 0% |
| Science - Chemistry | 6 | 8.33 | 83% | 0% | 0% |
| Science - Other Science | 4 | 12.50 | 75% | 50% | 0% |
| Science - Physics | 4 | 17.50 | 100% | 75% | 0% |
| Social Science | 2 | 10.00 | 100% | 0% | 0% |